Domestic violence and the politics of privacy (Бичлэгийн дугаар. 145422)
| 000 -УДИРДЛАГА | |
|---|---|
| Удирдлага | 00895nam a22002777a 4500 |
| 003 - ХЯНАЛТЫН ТОО ТОДОРХОЙЛОГЧ | |
| Код | MN-UlNUM |
| 005 - БИЧИЛТ ХИЙСЭН ОГНОО | |
| Тухайн бичилтийг бичсэн засварласан сүүлийн огноо | 20251107134007.0 |
| 008 - ЕРӨНХИЙ МЭДЭЭЛЭЛ | |
| Ерөнхий мэдээлэл | 251107s2003 nyu|b||| |||| 001 0 eng d |
| 020 ## - ISBN | |
| ISBN | 0801439086 |
| -- | 080148829 |
| 040 ## - БИЧЛЭГ ҮҮСГЭГЧ БАЙГУУЛЛАГА | |
| Бичлэг үүсгэгч номын сангийн код | МУИС-ийн номын сан |
| 084 ## - ББК АНГИЛАЛ | |
| Нэмэлт тусгалт | Нэг сэдэвт бүтээл |
| ББК ангилал | 66.3 |
| Зохиогчийн гурван тэмдэгт | K 31 |
| Мэдлэгийн ялгаа | 66 - Улс төр |
| 100 1# - ЗОХИОГЧ | |
| Зохиогчийн нэр | Kelly, Kristin A. |
| Зохиогчийн бүтэн овог нэр | (Kristin Anne) |
| 245 10 - ҮНДСЭН ГАРЧИГ | |
| Номын нэр | Domestic violence and the politics of privacy |
| Оролцогчдын тухай мэдээ | Kristin A. Kelly. |
| 260 ## - ГАРАЛТЫН МЭДЭЭ | |
| Хэвлэгдсэн газар | Ithaca : |
| Хэвлэлийн газар | Cornell University Press, |
| Хэвлэгдсэн он | 2003. |
| 300 ## - МАТЕРИАЛЫН ТОДОРХОЙЛОЛТ | |
| хуудасны тоо | xi, 209 p. ; |
| Хэмжээ | 24 cm. |
| 500 ## - Тайлбар | |
| Дансны дугаар | БС 2006 |
| 546 ## - ХЭЛНИЙ ТУХАЙ МЭДЭЭ | |
| Хэл | Англи хэл дээр, |
| 653 ## - Түлхүүр үг | |
| Түлхүүр үг | family violence $z United States |
| 653 ## - Түлхүүр үг | |
| Түлхүүр үг | privacy, Right of $z United States. |
| 740 ## - НОМЫН ГАРЧИГ | |
| Гарчиг | Privacy and Domestic |
| 740 ## - НОМЫН ГАРЧИГ | |
| Гарчиг | The Family as a Private Entity |
| 740 ## - НОМЫН ГАРЧИГ | |
| Гарчиг | Feminist Re-Visions of the Public / Private Dichotomy |
| 740 ## - НОМЫН ГАРЧИГ | |
| Гарчиг | The legal Regulation of Domestic Violence |
| 942 ## - ЭЛЕМЕНТИЙН ТӨРӨЛ | |
| Зүйлийн төрөл | Ном |
